The rise and fall of the Judaean state ; a political, social and religious history of the Second Commonwealth.

Bibliographic Details
Main Author: Zeitlin, Solomon, 1892-
Format: Book
Language:English
Published: Philadelphia : Jewish Publication Society of America, 1968-
Edition:[2d ed.].
Subjects:

MARC

Tag First Indicator Second Indicator Subfields
LEADER 00000cam a2200000 4500
001 in00000087852
005 20151008063033.0
008 730123s1968 pauab 00000 eng d
035 |a (OCoLC)00544301 
035 |9 AAK1446AM 
040 |a WOO  |c WOO  |d OCL  |d TXA  |d UtOrBLW 
049 |a TXAM   |v  1 [532677]   |v  2   |c  1 [532678], 2 [1503121]   |v 3 [1503122] 
090 |a DS122  |b  Z43 1968 
100 1 |a Zeitlin, Solomon,  |d 1892- 
245 1 4 |a The rise and fall of the Judaean state ;  |b a political, social and religious history of the Second Commonwealth. 
250 |a [2d ed.]. 
264 1 |a Philadelphia :  |b Jewish Publication Society of America,  |c 1968- 
300 |a volumes :  |b illustrations, maps ;  |c 22 cm. 
336 |a text  |b txt  |2 rdacontent 
337 |a unmediated  |b n  |2 rdamedia 
338 |a volume  |b nc  |2 rdacarrier 
505 1 |a V.1, 332-37 B. C. E.--v.2, 37 B. C. E.-66 C. E. 
650 0 |a Jews  |x History  |y 586 B.C.-70 A.D. 
999 |a MARS 
999 f f |s 32f91629-ed92-3321-a24f-8d251a090c9a  |i d6beda2a-ac7e-3591-a4bb-fc630a637f5f  |t 0 
952 f f |p ric  |a Texas A&M University  |b Rellis Campus  |c Joint Library Facility  |d Remote Storage  |t 0  |e DS122 Z43 1968  |h Library of Congress classification  |i unmediated -- volume  |k v.1  |m A14802033789 
952 f f |p ric  |a Texas A&M University  |b Rellis Campus  |c Joint Library Facility  |d Remote Storage  |t 0  |e DS122 Z43 1968  |h Library of Congress classification  |i unmediated -- volume  |k v.2  |m A14802033797 
952 f f |p ric  |a Texas A&M University  |b Rellis Campus  |c Joint Library Facility  |d Remote Storage  |t 0  |e DS122 Z43 1968  |h Library of Congress classification  |i unmediated -- volume  |k v.3  |m A14805972568 
998 f f |a DS122 Z43 1968  |s v.1-v.3  |t 0  |l Remote Storage